Miasta polskie od 90tys mieszkancow - Statystyki

Ogólne statystyki
  • Ten quiz został rozwiązany 131 razy
  • Średni wynik to 32 z 40
Statystyki odpowiedzi
Mieszkańcy Odpowiedz % Poprawnych
780 796 Kraków
100%
1 792 718 Warszawa
100%
470 633 gdańsk
99%
646 201 wrocław
98%
530 464 poznań
97%
296 401 Białystok
96%
244 104 Gdynia
96%
667 923 łódź
96%
341 692 bydgoszcz
95%
337 188 lublin
94%
289 162 Katowice
93%
198 478 Rzeszów
92%
396 472 szczecin
91%
127 561 Opole
90%
197 812 Toruń
90%
215 905 Częstochowa
85%
192 468 Kielce
85%
208 091 Radom
85%
140 041 Zielona Góra
85%
170 622 Olsztyn
84%
195 782 Sosnowiec
82%
121 714 Gorzów Wielkopolski
79%
176 009 Gliwice
77%
169 831 Zabrze
76%
117 952 Elbląg
71%
106 748 Tarnów
70%
168 835 Bielsko Biała
69%
162 250 Bytom
68%
105 801 Koszalin
67%
117 513 Płock
67%
106 272 Chorzów
66%
126 184 Tychy
65%
98 447 Kalisz
64%
108 944 Wałbrzych
61%
117 516 Dąbrowa Górnicza
58%
97 958 Legnica
57%
136 464 Rybnik
55%
107 745 Włocławek
55%
135 695 Ruda Śląska
53%
92 894 Grudziądz
50%
Nie znaleziono quizów pasujących do podanych kryteriów
Rozkład punktacji
Procent ludzi z każdym wynikiem
Percentyl według liczby udzielonych odpowiedzi
Twoja historia wyników
Nie rozwiązałeś tego quizu